000
00292nam a22001337a 4500
008
210305b ||||| |||| 00| 0 eng d
041
_a
eng
080
_a
510
082
_2
510
100
_a
36
101
_a
MAT
245
_a
Introduction to Topological Groups
_c
Husain,T
942
_2
udc
_c
BK
999
_c
55803
_d
55803